[Event "El Sauzal op 8th"]
[Site "El Sauzal"]
[Date "2007.11.04"]
[Round "8"]
[White "Kotevski, Dragan"]
[Black "Marrero Falcon, Hector Xarach"]
[Result "0-1"]
[WhiteElo "2280"]
[BlackElo "2000"]
[PlyCount "76"]
[EventDate "2007.11.03"]
[EventType "swiss (rapid)"]
[EventRounds "9"]
[EventCountry "ESP"]
[SourceTitle "CBM 121 Extra"]
[Source "ChessBase"]
[SourceDate "2008.01.10"]
[SourceVersion "1"]
[SourceVersionDate "2008.01.10"]
[SourceQuality "1"]

1. d4 Nf6 2. c4 c5 3. Nf3 cxd4 4. Nxd4 e5 5. Nb5 d5 6. cxd5 Bc5 7. N5c3 0-0 8. e3 Qe7 9. a3 a6 10. b4 Ba7 11. Nd2 Rd8 12. Nc4 b5 13. Na5 Be6 14. Qf3 Nxd5 15. Nxd5 Bxd5 16. e4 Bd4 17. exd5 Bxa1 18. Be2 e4 19. Qb3 Ra7 20. 0-0 Rad7 21. Nc6 Nxc6 22. dxc6 Rd5 23. Be3 Be5 24. Rc1 Qc7 25. g3 R5d6 26. Qc2 f5 27. a4 Bd4 28. axb5 Bxe3 29. Qb3+ Kh8 30. Qxe3 axb5 31. Bxb5 Rb8 32. Rc5 Rf6 33. Qc3 h6 34. Ba4 Ra8 35. Bb3 f4 36. Qc4 f3 37. Ra5 Rd8 38. Rd5 Re8 0-1

[Event "El Sauzal op 8th"]
[Site "El Sauzal"]
[Date "2007.11.03"]
[Round "5"]
[White "Medina Plasencia, Santiago"]
[Black "Kotevski, Dragan"]
[Result "1-0"]
[WhiteElo "2051"]
[BlackElo "2280"]
[PlyCount "52"]
[EventDate "2007.11.03"]
[EventType "swiss (rapid)"]
[EventRounds "9"]
[EventCountry "ESP"]
[SourceTitle "CBM 121 Extra"]
[Source "ChessBase"]
[SourceDate "2008.01.10"]
[SourceVersion "1"]
[SourceVersionDate "2008.01.10"]
[SourceQuality "1"]

1. e4 c5 2. Nc3 Nc6 3. f4 g6 4. Bb5 Nd4 5. Nf3 Nxb5 6. Nxb5 Bg7 7. d3 Nf6 8. 0-0 0-0 9. Qe1 d6 10. h3 e6 11. Qh4 Nh5 12. Qf2 f5 13. e5 dxe5 14. Nxe5 a6 15. Nc3 Qc7 16. Re1 b6 17. Nb1 Bb7 18. Nd2 g5 19. Ndf3 Nxf4 20. Bxf4 gxf4 21. Qh4 Bxf3 22. Nxf3 Bxb2 23. Rab1 Bf6 24. Qh6 Rad8 25. Re2 Bg7 26. Qg5 e5 1-0

[Event "YUG-chT"]
[Site "Tivat"]
[Date "1995.??.??"]
[Round "8"]
[White "Grujic, Zoran"]
[Black "Kotevski, Dragan"]
[Result "1/2-1/2"]
[WhiteElo "2305"]
[BlackElo "2285"]
[PlyCount "41"]
[EventDate "1995.??.??"]
[EventType "team-swiss"]
[EventRounds "11"]
[EventCountry "YUG"]
[SourceTitle "CBM 048 Extra"]
[Source "ChessBase"]
[SourceDate "1995.11.01"]
[SourceVersion "1"]
[SourceVersionDate "1995.11.01"]
[SourceQuality "1"]

1. e4 c5 2. Nf3 Nf6 3. d3 Nc6 4. c3 d5 5. Nbd2 e5 6. Be2 Be7 7. 0-0 0-0 8. Re1 Rb8 9. Bf1 d4 10. Nc4 Nd7 11. a4 b6 12. Bd2 a6 13. cxd4 cxd4 14. Na3 b5 15. axb5 axb5 16. Qc2 Qb6 17. Rec1 Bb7 18. g3 Rfc8 19. Qd1 Rc7 20. Qb3 Bc8 21. Ng5 1/2-1/2

[Event "YUG-chT"]
[Site "Tivat"]
[Date "1995.??.??"]
[Round "10"]
[White "Nikac, Predrag"]
[Black "Kotevski, Dragan"]
[Result "1-0"]
[WhiteElo "2370"]
[BlackElo "2285"]
[PlyCount "61"]
[EventDate "1995.??.??"]
[EventType "team-swiss"]
[EventRounds "11"]
[EventCountry "YUG"]
[SourceTitle "CBM 048 Extra"]
[Source "ChessBase"]
[SourceDate "1995.11.01"]
[SourceVersion "1"]
[SourceVersionDate "1995.11.01"]
[SourceQuality "1"]

1. e4 c5 2. Nf3 Nf6 3. Nc3 Nc6 4. d4 d5 5. exd5 Nxd5 6. dxc5 Nxc3 7. Qxd8+ Kxd8 8. bxc3 f6 9. Nd4 e5 10. Nxc6+ bxc6 11. Be3 Be6 12. Ba6 Rb8 13. f4 Be7 14. 0-0 Kc7 15. Rfe1 Rb2 16. Bd3 g6 17. fxe5 fxe5 18. Bf2 Bf6 19. Bg3 Bxa2 20. Rf1 Bg7 21. Rxa2 Rxa2 22. Rf7+ Kc8 23. Rxg7 Re8 24. Be4 Re6 25. Kf2 a5 26. Bd3 a4 27. Ke3 Re8 28. Rxh7 Ra1 29. Bxg6 Rf8 30. Bd3 a3 31. Ba6+ 1-0